000 01054nas a2200277 i 4500
001 2506
003 ES-MaACL
005 20250819081930.0
007 t|
008 950801c1946 dr | p | 1 ||pa d
022 _a9934-1115
080 _a015(729.3)
245 0 0 _aAnuario bibliográfico dominicano /
_cOficina de Canje y Difusión Cultural, adscrita a la División Jurídica y de Cooperación Intelectual de la Secretaría de Estado de Relaciones Exteriores.
260 _aCiudad Trujillo :
_b[Luis Sánchez Andújar],
_c1946-
300 _a2 v. ;
_c22 cm.
310 _aAnual
362 0 _a1946-
650 4 _aLiteratura dominicana-
_vBibliografías.
_9169306
650 4 _aBibliografías dominicanas.
_9169307
710 1 _aRepública Dominicana.
_bSecretaría de Estado de Relaciones Exteriores.
_9169296
710 1 _aRepública Dominicana.
_bSecretaría de Estado de Educación y Bellas Artes
_96432
780 0 0 _tBoletín bibliográfico dominicano
852 _aES-MaACL
_jE-4143-44
866 0 _o1946-47.
999 _c2506
_d2506